00441nam a2200145 a 450000500170000000800410001702000180005805000250007610000190010124500800012026000390020030000100023944000340024965000120028320140412111250.0010328s19uu xx 00 eng d a0-590-76702-X aTR(GS 414bS36 Bk.15 aDaniel, Claire aPossessives, contractions, compound words & homophones /cby Claire Daniel. aNew York :bScholastic Inc,c1997. a31 p. aScholastic: Fun with Phonics! aPhonics